Music Quiz

Random Music or Billboard Quiz
Score 0/27 Timer 07:00
0 Plays Today
Answer % Correct
Michael Jackson
92.5%
Thriller
90.6%
Thriller
90.6%
Billie Jean
83.9%
Beat It
80%
PYT
52.2%
The Girl is Mine
45.7%
Human Nature
35.3%
Janet Jackson
35.1%
Wanna Be Startin Somethin
32.2%
Bruce Springsteen
31.4%
Born In The USA
31.4%
Born In The USA
31.4%
Dancing In The Dark
26%
Answer % Correct
Glory Days
25.7%
Rhythm Nation
24.9%
Rhythm Nation
24.9%
My Hometown
21%
I'm on Fire
20.8%
Black Cat
19.7%
Cover Me
17.1%
Escapade
15.8%
I'm Goin Down
14.5%
Miss You Much
14.3%
Love Will Never Do
14%
Alright
10.1%
Come Back To Me
9.6%

You're not logged in!

Compare scores with friends on all Sporcle quizzes.
OR
Log In

Sporcle TV

Today on Sporcle TV


Watch our educational content, quiz creation guides, and fun videos on Sporcle TV.

Show Comments

Extras

Top Quizzes Today


Score Distribution

Paid Content

Your Account Isn't Verified!

In order to create a playlist on Sporcle, you need to verify the email address you used during registration. Go to your Sporcle Settings to finish the process.

Report this User

Report this user for behavior that violates our Community Guidelines.

Details: